<?xml version="1.0" encoding="UTF-8"?><OAI-PMH xmlns="http://www.openarchives.org/OAI/2.0/" xmlns:xsi="http://www.w3.org/2001/XMLSchema-instance"     xsi:schemaLocation="http://www.openarchives.org/OAI/2.0/ http://www.openarchives.org/OAI/2.0/OAI-PMH.xsd"><responseDate>2026-05-17T09:29:13Z</responseDate><request verb="GetRecord" identifier="oai:regmurcia.com:fintegr.1431" metadataPrefix="marc21">http://oai.regmurcia.com/oai2/oai2.php</request><GetRecord><record><header><identifier>oai:regmurcia.com:fintegr.1431</identifier><datestamp>2026-05-17</datestamp><setSpec>documentos</setSpec></header><metadata><record  xmlns="http://www.loc.gov/MARC21/slim" xmlns:xsi="http://www.w3.org/2001/XMLSchema-instance" xsi:schemaLocation="http://www.loc.gov/MARC21/slim http://www.loc.gov/standards/marcxml/schema/MARC21slim.xsd" type="Bibliographic"><leader>00000nam a2200000   4500</leader><controlfield tag="001" >005077770</controlfield><controlfield tag="003" >1431</controlfield><controlfield tag="004" >A00000000</controlfield><datafield tag="245" ind1=" " ind2=" "><subfield code="a">Carta del concejo de Mula al concejo de Murcia, solicitando que se devuelva a unos vecinos suyos el trigo que habían comprado y un lanza que les tomaron.</subfield></datafield><datafield tag="300" ind1=" " ind2=" "><subfield code="c">180 x 295 mm.</subfield></datafield><datafield tag="351" ind1=" " ind2=" "><subfield code="a">Unidad Documental simple</subfield><subfield code="c">Archivo de Murcia. Array</subfield><subfield code="a">Unidad Documental simple</subfield><subfield code="c">Archivo de Murcia. Array</subfield></datafield><datafield tag="351" ind1=" " ind2=" "><subfield code="b">Nº 23</subfield></datafield><datafield tag="506" ind1=" " ind2=" "><subfield code="a">Acceso restringido</subfield></datafield><datafield tag="520" ind1=" " ind2=" "><subfield code="a">El concejo de Mula solicita al de Murcia que les devuelvan a unos vecinos suyos el trigo que allí habían comprado y una lanza, de uno de ellos, que les habían tomado unos que dijeron ser guardas de la ciudad, alegando que la saca de pan era cosa vedada. Fechado el 16 de mayo.</subfield></datafield><datafield tag="583" ind1=" " ind2=" "><subfield code="u">http://www.regmurcia.com/servlet/s.Sl?METHOD=VERDOCUMENTO&amp;sit=serv,Carmesi&amp;n=/01/1813/indice.djvu</subfield></datafield><datafield tag="592" ind1=" " ind2=" "><subfield code="a">1440 (probable)</subfield></datafield><datafield tag="592" ind1=" " ind2=" "><subfield code="d">1440-12-31 00:00:00</subfield></datafield><datafield tag="651" ind1=" " ind2=" "><subfield code="a">Mula</subfield></datafield><datafield tag="786" ind1=" " ind2=" "><subfield code="o">http://www.regmurcia.com/servlet/s.Sl?METHOD=VERDOCUMENTO&amp;sit=serv,Carmesi&amp;n=/01/1813/indice.djvu</subfield></datafield><datafield tag="856" ind1=" " ind2=" "><subfield code="u">http://www.regmurcia.com/servlet/s.Sl?METHOD=DETALLE&amp;sit=c,373,m,139,serv,Carmesi&amp;id=1431</subfield></datafield></record></metadata></record></GetRecord></OAI-PMH>
